000 00730cam a22002291 4500
001 sa 68014570
003 DLC
005 20260227112633.0
008 890527s1968 io 000 0 ind
010 _asa 68014570
025 _aPLO480:Indo-7549
035 _a(OCoLC)19773426
040 _aDLC
_cCU
_dCU
_dDLC
042 _apremarc
050 0 0 _aHN39.I53
_bK65 1967
111 2 _aKonperensi Gereja dan Masyarakat
_d(1967 :
_cSalatiga)
245 1 0 _aPanggilan Kristen dalam pembaharuan masjarakat;
_blaporan, disusun dibawah redaksi S.A.E. Nababan.
260 _aDjakarta,
_bBadan Penerbit Kristen
_c[1968]
300 _a136 p.
_c21 cm.
650 0 _aChurch and social problems
_zIndonesia.
700 1 _aNababan, Soritua A. E.
999 _c85884
_d85884